| 000 | 01060nam a2200313 a 4500 | ||
|---|---|---|---|
| 003 | AR-BaBNM | ||
| 005 | 20251128204407.0 | ||
| 008 | 082120s2002 ||||||||||||||000 | spa|| | ||
| 040 | _cAR-BaBNM | ||
| 100 | 1 | _aJiménez de Asúa, Luis | |
| 245 | 0 | 0 |
_aTratado de derecho penal _bfilosofía y ley penal _n2 |
| 250 | _a5ª ed. | ||
| 260 |
_aBuenos Aires _bLosada _c1992 |
||
| 300 | _a1439 p. | ||
| 500 | _aDomenico Pisapia ha dicho de esta obra: "más que un tratado, se presenta casi como una enciclopedia". El "Tratado..." incluye una investigación profunda y novedosa del derecho penal en las Indias occidentales, y da tratamiento amplio a la historia del der | ||
| 650 | 4 | _aDERECHO PENAL | |
| 650 | 4 | _aDERECHO PUBLICO | |
| 650 | 4 | _aADMINISTRACION DE JUSTICIA | |
| 650 | 4 | _aCRIMINOLOGIA | |
| 650 | 4 | _aJUSTICIA PENAL | |
| 650 | 4 | _aDELITOS | |
| 650 | 4 | _aFILOSOFIA DEL DERECHO | |
| 650 | 4 | _aHISTORIA DEL DERECHO | |
| 650 | 4 | _aDERECHO CODIFICADO | |
| 650 | 4 | _aLEGISLACION ARGENTINA | |
| 651 | 4 | _aArgentina | |
| 942 | _cBK | ||
| 998 | _cenrique | ||
| 999 |
_c7284 _d7284 |
||